| 000 | 01345nam a22003011i 4500 | ||
|---|---|---|---|
| 003 | SA-RiAUC | ||
| 005 | 20260118122049.0 | ||
| 008 | 251231s1927 su g 000r0 ara c | ||
| 040 |
_aSA-RiAUC _bara _cSA-RiAUC _erda |
||
| 043 | _aa-su--- | ||
| 082 | 0 | 4 |
_a252.5 _qSA-RiAUC |
| 090 |
_aم ن 252.5 _bا ل ب |
||
| 100 | 1 |
_aآل بليهد، عبد الله بن سليمان بن سعود، _d1284-1359 هجري _eمؤلف. |
|
| 245 | 1 | 0 |
_aكتاب جامع المسالك في أحكام المناسك / _cعبد الله بن سليمان آل بليهد. |
| 246 | 3 | 0 | _aجامع المسالك في أحكام المناسك |
| 264 | 1 |
_a[مكان النشر غير محدد] : _b[الناشر غير محدد]، _c[1927] |
|
| 264 | 3 |
_aمكة المكرمة : _bمطبعة أم القرى |
|
| 300 |
_a45 صفحة ؛ _c22 سم |
||
| 336 |
_aنص _btxt _2rdacontent _3كتاب |
||
| 337 |
_aبدون وسيط _bn _2rdamedia |
||
| 338 |
_aمجلد _bnc _2rdacarrier |
||
| 533 | _aصورة طبق الأصل لطبعة نمة المكرمة : مطبعة أم القرى، 1345. | ||
| 650 | 7 |
_aالحج _2aucsh |
|
| 650 | 7 |
_aالأماكن المقدسة الإسلامية _zالسعودية _2aucsh |
|
| 650 | 7 |
_aالعبادات (فقه إسلامي) _2aucsh |
|
| 942 |
_2ddc _cRBOOK COPY _n0 |
||
| 949 |
_aSA-JeALM _d251231 _umohamedma123 _n1 |
||
| 999 |
_c14081 _d14081 |
||